Performance management in government contemporary illustrations
Gespeichert in:
| Format: | Buch |
|---|---|
| Sprache: | Englisch |
| Veröffentlicht: |
Paris
OECD
1996
|
| Schriftenreihe: | Public management. Occasional papers
No. 9 |
| Schlagworte: | |
| Tags: |
Keine Tags, Fügen Sie das erste Tag hinzu!
|
MARC
| LEADER | 00000nam a2200000 4500 | ||
|---|---|---|---|
| 001 | c117863 | ||
| 005 | 20221221084545.8 | ||
| 020 | |a 92-64-15290-3 | ||
| 041 | 0 | |a eng | |
| 044 | |a FR | ||
| 245 | 1 | 0 | |a Performance management in government |b contemporary illustrations |
| 264 | 1 | |a Paris |b OECD |c 1996 | |
| 300 | |a 109 s. | ||
| 490 | 1 | |a Public management. Occasional papers |v No. 9 | |
| 830 | 0 | |a Public management. Occasional papers |v No. 9 | |
| 610 | 2 | 0 | |a vláda |
| 610 | 2 | 0 | |a riadenie |
| 610 | 2 | 0 | |a manažment |
| 610 | 2 | 0 | |a benchmarking |
| 610 | 2 | 0 | |a Holandsko |
| 610 | 2 | 0 | |a štúdie prípadové |
| 610 | 2 | 0 | |a nožnice cenové |
| 610 | 2 | 0 | |a Švédsko |
| 610 | 2 | 0 | |a Nový Zéland |